| 000 | 00588nam a2200217Ia 4500 | ||
|---|---|---|---|
| 003 | OSt | ||
| 005 | 20230511101847.0 | ||
| 008 | 210423s2004 xx 000 0 und d | ||
| 020 | _a1555811280 | ||
| 040 | _cAL | ||
| 041 | _aeng | ||
| 082 |
_a660.62 DEMA _223 |
||
| 100 |
_aDEMAIN (Arnold L);others,Ed. _9102315 |
||
| 245 | _aManual of industrial microbiology and biotechnology. | ||
| 250 | _a2 | ||
| 260 |
_aWashington _bASM Publishers _c2004 |
||
| 300 |
_axiv,830 _bPB |
||
| 365 |
_b2995 _cINR |
||
| 906 | _abiotechnology. ; industrial ; Manual ; microbiology | ||
| 942 |
_2ddc _cBK |
||
| 999 |
_c164593 _d164593 |
||